[Event "IECC CL1-2008.01 email"]
[Site "IECC email"]
[Date "2008.04.12"]
[Round "?"]
[White "Broyles, Jack"]
[Black "Wight, David"]
[Result "1/2-1/2"]
[WhiteElo "2202"]
[BlackElo "2256"]
[PlyCount "59"]
[EventDate "2008.??.??"]
[EventType "tourn (corr)"]
[EventRounds "4"]
[SourceTitle "Corr 2013"]
[Source "ChessBase"]
[SourceDate "2012.11.12"]
[SourceVersion "1"]
[SourceVersionDate "2012.11.12"]
[SourceQuality "1"]
[WhiteTeam "India"]
[BlackTeam "US of America"]
[WhiteTeamCountry "IND"]
[BlackTeamCountry "USA"]

1. e4 c5 2. Nf3 Nc6 3. d4 cxd4 4. Nxd4 g6 5. c4 Bg7 6. Be3 Nf6 7. Nc3 0-0 8. Be2 b6 9. f4 e5 10. Ndb5 exf4 11. Bxf4 Ne8 12. 0-0 Bb7 13. Qd3 a6 14. Nd6 Nxd6 15. Bxd6 Re8 16. Rad1 Ne5 17. Qg3 Re6 18. Qf4 Rf6 19. Qe3 Re6 20. c5 bxc5 21. Bxc5 d6 22. Bb6 Qe7 23. Bd4 Rc8 24. Qh3 Qc7 25. Qg3 Ree8 26. Qh4 Qd7 27. Rd2 Qe6 28. Rdd1 h5 29. Rf2 Qe7 30. Qf4 1/2-1/2

[Event "IECC CL1-2008.01 email"]
[Site "IECC email"]
[Date "2008.04.08"]
[Round "?"]
[White "Wight, David"]
[Black "Carroll, Patrick J"]
[Result "0-1"]
[WhiteElo "2275"]
[BlackElo "2241"]
[PlyCount "60"]
[EventDate "2008.??.??"]
[EventType "tourn (corr)"]
[EventRounds "4"]
[SourceTitle "Corr 2013"]
[Source "ChessBase"]
[SourceDate "2012.11.12"]
[SourceVersion "1"]
[SourceVersionDate "2012.11.12"]
[SourceQuality "1"]
[WhiteTeam "India"]
[BlackTeam "US of America"]
[WhiteTeamCountry "IND"]
[BlackTeamCountry "USA"]

1. d4 Nf6 2. c4 g6 3. f3 d5 4. cxd5 Nxd5 5. e4 Nb6 6. Nc3 Bg7 7. Be3 0-0 8. Qd2 Nc6 9. 0-0-0 f5 10. e5 Nb4 11. Nh3 Be6 12. a3 N4d5 13. Nxd5 Bxd5 14. Kb1 Qd7 15. Nf4 Bb3 16. Rc1 Qa4 17. Rxc7 Rfc8 18. Rxb7 g5 19. Nd3 Nc4 20. Qf2 Nxe3 21. Rb4 Bc2+ 22. Ka1 Qc6 23. Qxe3 a5 24. d5 Qxd5 25. Rb6 f4 26. Qe4 Qxe4 27. fxe4 Rd8 28. Nf2 Rd2 29. Bc4+ Kh8 30. Nh3 Rxg2 0-1

[Event "IECC CL1-2008.01 email"]
[Site "IECC email"]
[Date "2008.04.08"]
[Round "?"]
[White "Wight, David"]
[Black "Nett, Philipp"]
[Result "1/2-1/2"]
[WhiteElo "2243"]
[BlackElo "2137"]
[PlyCount "139"]
[EventDate "2008.??.??"]
[EventType "tourn (corr)"]
[EventRounds "4"]
[SourceTitle "Corr 2013"]
[Source "ChessBase"]
[SourceDate "2012.11.12"]
[SourceVersion "1"]
[SourceVersionDate "2012.11.12"]
[SourceQuality "1"]
[WhiteTeam "India"]
[BlackTeam "US of America"]
[WhiteTeamCountry "IND"]
[BlackTeamCountry "USA"]

1. d4 d5 2. e4 dxe4 3. Nc3 Nf6 4. f3 exf3 5. Nxf3 Nc6 6. Bb5 e6 7. Bg5 Be7 8. 0-0 0-0 9. Qd2 Bd7 10. Rae1 h6 11. Bf4 a6 12. Be2 Bc8 13. a3 Bd6 14. Bd3 Bxf4 15. Qxf4 Qd6 16. Qh4 Rd8 17. Ne4 Nxe4 18. Rxe4 Bd7 19. Rfe1 Rf8 20. c4 f5 21. R4e3 Rf6 22. Bc2 f4 23. Re4 b5 24. c5 Qf8 25. Qf2 a5 26. Qe2 Rd8 27. Bd3 b4 28. axb4 axb4 29. Bc4 Kh8 30. Qf2 Qf7 31. Qd2 Rf8 32. Bb5 Qh5 33. Kh1 Qd5 34. Ne5 f3 35. Nxf3 e5 36. dxe5 Qxd2 37. Nxd2 Nxe5 38. Be2 Nc6 39. Nf3 Bf5 40. Re3 Rd8 41. h3 Rd5 42. Re8+ Kh7 43. Nh4 Bd7 44. Bc4 Rd4 45. Bg8+ Kh8 46. Ra8 Rxh4 47. Be6+ Kh7 48. Bxd7 Rd4 49. Bg4 Rd2 50. Bf3 Rxf3 51. gxf3 Rxb2 52. Rf1 Rd2 53. f4 Nd4 54. Ra7 Nf5 55. Rg1 c6 56. Rb1 Rd3 57. Rf7 Kg6 58. Rc7 Rxh3+ 59. Kg2 Rc3 60. Rxc6+ Kh5 61. Rxb4 Kg4 62. Rg6+ Kh5 63. Re6 Rxc5 64. Kf3 Nh4+ 65. Ke4 g5 66. Re5 Rc1 67. Ke3 Ng6 68. Ra5 Rf1 69. fxg5 hxg5 70. Rbb5 1/2-1/2

[Event "IECC M1-2008.T25"]
[Site "IECC email"]
[Date "2008.03.19"]
[Round "?"]
[White "Zubiec, Alexander"]
[Black "Wight, David"]
[Result "1-0"]
[WhiteElo "2308"]
[BlackElo "2255"]
[PlyCount "97"]
[EventDate "2008.??.??"]
[EventType "match (corr)"]
[EventRounds "2"]
[SourceTitle "Corr 2013"]
[Source "ChessBase"]
[SourceDate "2012.11.12"]
[SourceVersion "1"]
[SourceVersionDate "2012.11.12"]
[SourceQuality "1"]
[WhiteTeam "Hungary"]
[BlackTeam "South Africa"]
[WhiteTeamCountry "HUN"]
[BlackTeamCountry "RSA"]

1. e4 e5 2. Nf3 Nc6 3. Bb5 a6 4. Ba4 Nf6 5. 0-0 Be7 6. Re1 b5 7. Bb3 d6 8. c3 0-0 9. d4 Bg4 10. Be3 Bh5 11. h3 exd4 12. cxd4 Na5 13. Nbd2 Nxb3 14. axb3 Qd7 15. Qc2 Rfc8 16. d5 c6 17. dxc6 Rxc6 18. Qd3 Bg6 19. Nh4 Qe6 20. Bd4 Nd7 21. Nf5 Bf8 22. Bc3 Ne5 23. Qb1 Bxf5 24. exf5 Qd5 25. Rd1 Qd3 26. Nf1 Qxb1 27. Raxb1 Rb8 28. Rd4 Nd7 29. Ne3 f6 30. Ra1 Nc5 31. Ra3 Re8 32. Rd1 Ne4 33. b4 Nxc3 34. bxc3 Kf7 35. Rda1 Re5 36. Rxa6 Rxc3 37. Ra7+ Kg8 38. Rb7 Rc8 39. Rd1 h5 40. Nd5 Rxf5 41. f4 h4 42. Rxb5 g6 43. Rd4 Re8 44. Rb7 Re1+ 45. Kf2 Ree5 46. Ne3 Rb5 47. Rd7 Rh5 48. Ng4 Rhf5 49. Rc4 1-0

[Event "IECC Swiss-513"]
[Site "IECC email"]
[Date "2008.02.02"]
[Round "?"]
[White "Wozniak, Zbigniew"]
[Black "Wight, David"]
[Result "0-1"]
[WhiteElo "1864"]
[BlackElo "2261"]
[PlyCount "114"]
[EventDate "2008.??.??"]
[EventType "match (corr)"]
[SourceTitle "Corr 2013"]
[Source "ChessBase"]
[SourceDate "2012.11.12"]
[SourceVersion "1"]
[SourceVersionDate "2012.11.12"]
[SourceQuality "1"]
[WhiteTeam "US of America"]
[BlackTeam "Australia"]
[WhiteTeamCountry "USA"]
[BlackTeamCountry "AUS"]

1. e4 g6 2. d4 Bg7 3. Nc3 c5 4. dxc5 Qa5 5. Bd2 Qxc5 6. Nd5 b6 7. Bb4 Qc6 8. Bb5 Qb7 9. Nf3 a6 10. Be2 Nc6 11. Bc3 Bxc3+ 12. Nxc3 d6 13. Nd5 Be6 14. Qd2 Bxd5 15. exd5 Nb8 16. c4 Nf6 17. Qh6 b5 18. 0-0 Nbd7 19. cxb5 axb5 20. Nd4 b4 21. Rfc1 Qb6 22. Nc6 Nxd5 23. Qg7 Rf8 24. Qxh7 Nc5 25. Nd4 Nf4 26. Bb5+ Nd7 27. Rd1 Ne6 28. Qh4 Ra5 29. Nxe6 fxe6 30. Bd3 Ne5 31. Bc2 g5 32. Qg3 Rf4 33. Rd2 Qc6 34. Qh3 Rc5 35. Bb3 Rc1+ 36. Rd1 Rxa1 37. Rxa1 Qc5 38. Qh5+ Kd7 39. Qe2 d5 40. Rf1 Re4 41. Qd2 g4 42. Bc2 Qd4 43. Ba4+ Kd6 44. Qc1 Qc4 45. Qh6 Qxa2 46. b3 Qc2 47. Qf8 Qc7 48. Qe8 Nd3 49. Bb5 Nc1 50. Bc4 dxc4 51. Rxc1 cxb3 52. Rd1+ Kc5 53. Qa4 Rd4 54. Re1 Rd3 55. Kh1 Qd6 56. Rc1+ Kb6 57. Qxb4+ Qxb4 0-1

[Event "IECC CL1-2007.06 email"]
[Site "IECC email"]
[Date "2007.08.25"]
[Round "?"]
[White "Wight, David"]
[Black "Broyles, Jack"]
[Result "0-1"]
[WhiteElo "2206"]
[BlackElo "2064"]
[PlyCount "116"]
[EventDate "2007.??.??"]
[EventType "tourn (corr)"]
[EventRounds "4"]
[SourceTitle "Corr 2015"]
[Source "ChessBase"]
[SourceDate "2015.07.17"]
[SourceVersion "1"]
[SourceVersionDate "2015.07.17"]
[SourceQuality "1"]
[WhiteTeam "US of America"]
[BlackTeam "England"]
[WhiteTeamCountry "USA"]
[BlackTeamCountry "ENG"]

1. d4 Nf6 2. Nc3 d5 3. e4 dxe4 4. f3 exf3 5. Nxf3 e6 6. Bg5 Be7 7. Bd3 Nc6 8. a3 a6 9. Qd2 b6 10. 0-0-0 Nd5 11. Nxd5 exd5 12. Rde1 f6 13. Qc3 Qd7 14. Bd2 Bb7 15. Rhf1 g6 16. Bf4 0-0-0 17. Re3 Rhe8 18. Rfe1 Bf8 19. Qd2 Kb8 20. Qe2 Rxe3 21. Qxe3 Bd6 22. Bxd6 Qxd6 23. Qh6 Rd7 24. Re8+ Ka7 25. Kb1 Na5 26. h4 c5 27. dxc5 bxc5 28. h5 Nc4 29. Ka2 Nb6 30. hxg6 hxg6 31. Qxg6 d4 32. Be4 Bd5+ 33. Bxd5 Qxd5+ 34. Ka1 Nc4 35. Qxf6 Qb7 36. b3 Nxa3 37. Qf8 Rc7 38. Kb2 Nb5 39. Kc1 c4 40. b4 c3 41. Qf4 Qd5 42. Kd1 Kb7 43. Ne1 Qh5+ 44. Re2 Rg7 45. Qe4+ Ka7 46. Nf3 Qg4 47. Qe5 Rh7 48. Ke1 d3 49. Qe3+ Nd4 50. cxd3 Qg3+ 51. Kd1 Rh1+ 52. Re1 Rxe1+ 53. Qxe1 c2+ 54. Kc1 Qf4+ 55. Nd2 a5 56. Qe7+ Ka6 57. Qe4 Qxe4 58. b5+ Kxb5 0-1